Footballeurs par image - OM - Statistiques

Statistiques générales
  • Ce quiz a été pris 277 fois
  • Le résultat moyen est 16 sur 20
Statistiques - réponses
Par images Réponse % Correct
Adrien Rabiot
99%
Dimitri Payet
98%
Leonardo Balerdi
97%
Steve Mandanda
97%
Didier Deschamps
96%
Didier Drogba
94%
Mason Greenwood
94%
Matteo Guendouzi
94%
William Saliba
94%
Valentin Rongier
93%
Fabien Barthez
91%
Geronimo Rulli
89%
Pierre-André Gignac
88%
Basile Boli
87%
Neal Maupay
83%
Marcel Desailly
79%
Abedi Pelé
56%
Éric Dimeco
38%
Chris Waddle
29%
Jairzinho
28%
Aucun quiz correspondant
Distribution des résultats
% des personnes avec chaque résultat
Percentile par nombre de réponses
Votre historique - résultats
Vous n’avez pas pris ce quiz